Statistics for Least Used Railway Stations in the UK

Click here to take the quiz!

General Stats

  • This quiz has been taken 93 times
    (64 since last reset)
  • The average score is 5 of 10

Answer Stats

No. of Passenger Entries / ExitsNetwork Region & AreaStation% Correct
164East - CambridgeshireShippea Hill
72%
42East - East AngliaBerney Arms
66%
158North West - Greater ManchesterReddish South
56%
156Wales - PowysSugar Loaf
56%
92North West - Greater ManchesterDenton
54%
68East Midlands - NottinghamshireElton & Orston
44%
96West Midlands - North WarwickshirePolesworth
42%
82North West - CheshireStanlow & Thornton
42%
84East Midlands - LincolnshireHavenhouse
34%
140East Midlands - LincolnshireThorpe Culvert
20%

Score Distribution

Percentile by Number Answered

Percent of People with Each Score

Your Score History

You have not taken this quiz since the last reset